Từ điển tranh mẫu trang trí cách điệu động vật

Đã lưu trong:
書目詳細資料
主要作者: Trịnh, Quân
格式: 圖書
語言:Undetermined
出版: Hà Nội Văn hoá Thông tin 2004
主題:
標簽: 添加標簽
沒有標簽, 成為第一個標記此記錄!
Thư viện lưu trữ: Trung tâm Học liệu Trường Đại học Cần Thơ
LEADER 00584nam a2200193Ia 4500
001 CTU_74271
008 210402s9999 xx 000 0 und d
020 |b 100000 
082 |a 743.6 
082 |b Qu502 
100 |a Trịnh, Quân 
245 0 |a Từ điển tranh mẫu trang trí cách điệu động vật 
245 0 |c Trịnh Quân ; Lâm Trinh 
260 |a Hà Nội 
260 |b Văn hoá Thông tin 
260 |c 2004 
650 |a Decoration,Drawing animals 
904 |i Năm, Qhieu 
980 |a Trung tâm Học liệu Trường Đại học Cần Thơ